000 00935cam a2200301 a 4500
999 _c57608
_d57608
001 15607314
005 20200813140620.0
008 090202s2009 riua 001 0 eng
010 _a 2009004043
020 _a9780821847817 (alk. paper)
020 _a0821847813 (alk. paper)
035 _a(OCoLC)ocn301705973
041 _aeng
050 0 0 _aQA154.3
_b.A527 2009
080 _a512 A-30
082 0 0 _2
100 1 _aAluffi, Paolo,
_d1960-
_99217
245 1 0 _aAlgebra :
_bchapter 0 /
_cPaolo Aluffi.
264 _aProvidence, R.I. :
_bAmerican Mathematical Society,
_cc2009.
300 _a713 p. :
_bill. ;
_c27 cm.
490 1 _aGraduate studies in mathematics ;
_vv. 104
500 _aIncludes index.
650 0 _aAlgebra
_vTextbooks.
_99218
653 _aალგებრა
830 0 _aGraduate studies in mathematics ;
_vv. 104.
_99219
906 _a7
_bcbc
_corignew
_d1
_eecip
_f20
_gy-gencatlg
942 _2udc
_cBK